[Event "National Chess Championship 2015"]
[Site "SLIIT,Malambe"]
[Date "2015.07.11"]
[Round "10"]
[Board "7"]
[White "Kurukulasuriya, Prasanna"]
[Black "Naotunna, Dineth Nimnaka"]
[Result "0-1"]
[WhiteElo "2084"]
[BlackElo "1930"]
[PlyCount "98"]
[EventDate "2015.07.04"]
[EventRounds "13"]
[EventCountry "SRI"]

1. e4 c5 2. Nf3 Nc6 3. d4 cxd4 4. Nxd4 e5 5. Nb5 a6 6. Nd6+ Bxd6 7. Qxd6 Qf6 8.
Qd1 Qg6 9. Nc3 d5 10. Nxd5 Qxe4+ 11. Be3 Nd4 12. Nc7+ Ke7 13. Rc1 Bg4 14. Qd3
Qxd3 15. Bxd3 Rd8 16. h3 Bh5 17. f4 Kd6 18. Nxa6 bxa6 19. g4 Bg6 20. f5 Nxf5
21. gxf5 Bh5 22. Bxa6 Ne7 23. Rf1 Nd5 24. Kf2 Rb8 25. Rb1 g6 26. Bc4 Nxe3 27.
Kxe3 gxf5 28. Rxf5 Bg6 29. Rf6+ Ke7 30. Rf2 f5 31. Bd3 Ke6 32. b3 Rhd8 33. Re1
Rd4 34. Kf3 Rf4+ 35. Kg3 Rxf2 36. Kxf2 f4 37. a4 Kd5 38. a5 e4 39. Bc4+ Ke5 40.
Rg1 e3+ 41. Ke1 Bxc2 42. a6 Be4 43. Ke2 Rd8 44. Rg5+ Kf6 45. Ra5 Rd2+ 46. Ke1
f3 47. a7 f2+ 48. Kf1 Rd1+ 49. Ke2 f1=Q+ 0-1

[Event "National Chess Championship 2015"]
[Site "SLIIT,Malambe"]
[Date "2015.07.12"]
[Round "11"]
[Board "1"]
[White "Naotunna, Dineth Nimnaka"]
[Black "Galappaththi, Chinthaka Anurud"]
[Result "1/2-1/2"]
[WhiteElo "1930"]
[BlackElo "2098"]
[PlyCount "77"]
[EventDate "2015.07.04"]
[EventRounds "13"]
[EventCountry "SRI"]

1. d4 g6 2. c4 Bg7 3. Nc3 d6 4. Bf4 Nf6 5. e4 O-O 6. Qd2 Nfd7 7. Bh6 e5 8. d5
f5 9. Bxg7 Kxg7 10. exf5 gxf5 11. f4 a5 12. O-O-O Na6 13. h3 Nac5 14. g4 exf4
15. Nf3 Kh8 16. g5 Qe7 17. Re1 Ne4 18. Qd4+ Qg7 19. Qxg7+ Kxg7 20. Nxe4 fxe4
21. Rxe4 Nc5 22. Re7+ Rf7 23. Rxf7+ Kxf7 24. Nd4 Bd7 25. Be2 Rg8 26. h4 Kg7 27.
Rf1 Rf8 28. Bf3 h6 29. gxh6+ Kxh6 30. Kd2 b6 31. Re1 Rf7 32. Rg1 Re7 33. Rf1
Ne4+ 34. Bxe4 Rxe4 35. Kd3 Re3+ 36. Kd2 Re4 37. Kd3 Re3+ 38. Kd2 Re4 39. Kd3
 1/2-1/2

[Event "National Chess Championship 2015"]
[Site "SLIIT,Malambe"]
[Date "2015.07.12"]
[Round "11"]
[Board "2"]
[White "Piyumantha, M Sasith Nipun"]
[Black "Kurukulasuriya, Prasanna"]
[Result "1-0"]
[WhiteElo "1928"]
[BlackElo "2084"]
[PlyCount "95"]
[EventDate "2015.07.04"]
[EventRounds "13"]
[EventCountry "SRI"]

1. d4 Nf6 2. c4 g6 3. Nc3 Bg7 4. e4 d6 5. f3 O-O 6. Bg5 c5 7. d5 e6 8. Nge2
exd5 9. Nxd5 h6 10. Nxf6+ Bxf6 11. Bxh6 Bxb2 12. Bxf8 Kxf8 13. Rb1 Bg7 14. Qd2
Nc6 15. Nc1 Qh4+ 16. g3 Qe7 17. Bd3 Bh3 18. Bf1 Ne5 19. Kf2 Bxf1 20. Rxf1 Nxc4
21. Qd3 Bd4+ 22. Ke2 Ne5 23. Qc2 Re8 24. Nd3 Nxf3 25. Nxc5 Ng1+ 26. Rxg1 dxc5
27. Rge1 Qd7 28. Kf1 b5 29. Kg2 b4 30. Rbd1 Qe6 31. Re2 Kg7 32. Qa4 Qg4 33.
Rde1 Rh8 34. Qc2 Qh3+ 35. Kh1 Qxg3 36. Rf1 Qe5 37. Qc4 Qe7 38. e5 Qb7+ 39. Rg2
Bxe5 40. h4 Bg3 41. Qxc5 Bxh4 42. Kg1 Bd8 43. Qd4+ f6 44. Rff2 Re8 45. Rxg6+
Kxg6 46. Qg4+ Kf7 47. Qh5+ Ke7 48. Qc5+ {poor recording} 1-0

[Event "National Chess Championship 2015"]
[Site "SLIIT,Malambe"]
[Date "2015.07.12"]
[Round "11"]
[Board "3"]
[White "De Silva, Elath Mathanga"]
[Black "Doluweera, Minul Sanjula"]
[Result "0-1"]
[WhiteElo "1985"]
[BlackElo "2042"]
[PlyCount "72"]
[EventDate "2015.07.04"]
[EventRounds "13"]
[EventCountry "SRI"]

1. d4 Nf6 2. Bf4 d5 3. e3 c5 4. c3 Qb6 5. Qb3 c4 6. Qc2 Nc6 7. Nd2 g6 8. e4
dxe4 9. Bxc4 Na5 10. Ne2 Qc6 11. d5 Nxd5 12. Bxd5 Qxd5 13. Nxe4 Bg7 14. O-O O-O
15. Rfd1 Qc6 16. Nd4 Qb6 17. Nb3 Nc6 18. Nec5 e5 19. Be3 Qc7 20. Qc1 b6 21. Ne4
f5 22. Ng5 h6 23. Nf3 f4 24. Bd2 Ne7 25. c4 Bb7 26. Ne1 f3 27. g3 Qc8 28. Bb4
Rf7 29. c5 Qh3 30. cxb6 Ba6 31. Nd2 e4 32. b7 Bxb7 33. Nf1 Ba6 34. Ne3 Nf5 35.
Qc6 Nxe3 36. Qxa6 Ng4 0-1

[Event "National Chess Championship 2015"]
[Site "SLIIT,Malambe"]
[Date "2015.07.12"]
[Round "11"]
[Board "4"]
[White "Alahakoon, Isuru"]
[Black "Weerawardane, Romesh"]
[Result "0-1"]
[WhiteElo "2054"]
[BlackElo "2110"]
[PlyCount "108"]
[EventDate "2015.07.04"]
[EventRounds "13"]
[EventCountry "SRI"]

1. e4 c5 2. c3 Nf6 3. e5 Nd5 4. Nf3 Nc6 5. Bc4 Nb6 6. Bb3 e6 7. d4 cxd4 8. cxd4
Bb4+ 9. Nc3 d5 10. O-O Be7 11. Ne1 a6 12. Qg4 Kf8 13. Nf3 Bd7 14. Ne2 h5 15.
Qg3 g6 16. Bc2 Kg7 17. Nf4 Qe8 18. a3 Rc8 19. Bd3 Nd8 20. Re1 Ba4 21. b3 Bb5
22. Bb1 Rc3 23. a4 Bd7 24. Ne2 Rxb3 25. Bc2 Rb4 26. a5 Nc4 27. Nf4 Rb5 28. Ng5
Bxg5 29. Qxg5 Nc6 30. Qf6+ Kg8 31. Ba3 Qd8 32. Qxd8+ Nxd8 33. Be7 Nc6 34. Bf6
Rh7 35. Nd3 Rxa5 36. Nc5 Rxa1 37. Rxa1 Bc8 38. Bd3 h4 39. Bxc4 dxc4 40. Ne4 Rh5
41. Nd6 Bd7 42. Nxb7 c3 43. Rxa6 Kh7 44. Ra8 g5 45. Nc5 c2 46. Nd3 Nxd4 47. g4
hxg3 48. fxg3 g4 49. Rd8 Bb5 50. Rh8+ Kg6 51. Nf4+ Kf5 52. Rxh5+ Ke4 53. Nd3
Bxd3 54. Bg5 Nf3+ 0-1

[Event "National Chess Championship 2015"]
[Site "SLIIT,Malambe"]
[Date "2015.07.12"]
[Round "11"]
[Board "5"]
[White "Subasinghe, K R V R"]
[Black "Thilakarathne, G M H"]
[Result "1/2-1/2"]
[WhiteElo "1874"]
[BlackElo "1972"]
[PlyCount "74"]
[EventDate "2015.07.04"]
[EventRounds "13"]
[EventCountry "SRI"]

1. e4 e5 2. Nf3 Nc6 3. Bc4 Nf6 4. d3 Be7 5. c3 O-O 6. Bb3 d5 7. exd5 Nxd5 8.
O-O Bg4 9. h3 Bh5 10. Re1 Nb6 11. Qe2 Kh8 12. Nbd2 f5 13. Bc2 Bf6 14. Nf1 Bg6
15. Bd2 Qd7 16. Rad1 Rae8 17. Bg5 Bxg5 18. Nxg5 Nd5 19. Nf3 Nf4 20. Qe3 Bh5 21.
N1h2 Qd6 22. Kh1 Bf7 23. a3 Bd5 24. d4 e4 25. Ne5 Ng6 26. c4 Bg8 27. f4 Na5 28.
Nxg6+ Qxg6 29. b3 Qd6 30. Ra1 b6 31. Nf1 Nb7 32. Ng3 Nd8 33. Ne2 Ne6 34. d5 Nd8
35. Red1 c5 36. dxc6 Qxc6 37. Nd4 Qc5 1/2-1/2

[Event "National Chess Championship 2015"]
[Site "SLIIT,Malambe"]
[Date "2015.07.12"]
[Round "11"]
[Board "6"]
[White "Priyankara, Chamil"]
[Black "Edirisinghe, Dulan"]
[Result "0-1"]
[WhiteElo "2018"]
[BlackElo "2051"]
[PlyCount "73"]
[EventDate "2015.07.04"]
[EventRounds "13"]
[EventCountry "SRI"]

1. e4 e6 2. d4 d5 3. Nc3 Nf6 4. Bg5 dxe4 5. Nxe4 Be7 6. Bxf6 gxf6 7. Nf3 f5 8.
Nc3 a6 9. Ne5 Bf6 10. f4 Nc6 11. Nxc6 bxc6 12. Qf3 Qd6 13. O-O-O Rb8 14. Bc4
Bxd4 15. Rhe1 c5 16. Bb3 Bb7 17. Qg3 Qe7 18. Ne2 Bf6 19. Ba4+ Kf8 20. Rd7 Bxb2+
21. Kb1 Qf6 22. Qb3 Kg7 23. Ng3 Kg6 24. Nh5 Kxh5 25. Rxf7 Bd5 26. Qh3+ Qh4 27.
Bb3 Qxh3 28. gxh3 Bd4 29. Kc1 c4 30. Ba4 c5 31. Bd7 Kg6 32. Re7 Kf6 33. Bxe6
Kxe7 34. Bxd5+ Kd6 35. Bxc4 Rhe8 36. Rd1 Kc6 37. c3 0-1

[Event "National Chess Championship 2015"]
[Site "SLIIT,Malambe"]
[Date "2015.07.12"]
[Round "11"]
[Board "7"]
[White "Herath, H M A K"]
[Black "Peiris, T S S"]
[Result "1/2-1/2"]
[WhiteElo "2014"]
[BlackElo "2022"]
[PlyCount "82"]
[EventDate "2015.07.04"]
[EventRounds "13"]
[EventCountry "SRI"]

1. e4 e6 2. d4 d5 3. Nc3 a6 4. Nf3 Nf6 5. Bg5 Be7 6. e5 Nfd7 7. h4 c5 8. Ne2
cxd4 9. Nexd4 h6 10. Bxe7 Qxe7 11. c3 Nc6 12. Nxc6 bxc6 13. Bd3 Bb7 14. Qd2 a5
15. b3 Ba6 16. Bxa6 Rxa6 17. h5 O-O 18. O-O Rb8 19. Rab1 c5 20. c4 d4 21. a4
Rab6 22. Qd3 Qd8 23. Rfe1 Qc7 24. Re2 R8b7 25. Ree1 Qb8 26. Qd2 Rxb3 27. Rxb3
Rxb3 28. Qxa5 Rb1 29. Rxb1 Qxb1+ 30. Kh2 Qb8 31. Qb5 Qc7 32. Kg1 Nxe5 33. Qe8+
Kh7 34. Nxe5 Qxe5 35. Qxf7 Qe1+ 36. Kh2 Qe4 37. f3 Qh4+ 38. Kg1 Qe1+ 39. Kh2
Qh4+ 40. Kg1 Qe1+ 41. Kh2 Qh4+ 1/2-1/2

[Event "National Chess Championship 2015"]
[Site "SLIIT,Malambe"]
[Date "2015.07.12"]
[Round "12"]
[Board "1"]
[White "Galappaththi, Chinthaka Anurud"]
[Black "Peiris, T S S"]
[Result "1-0"]
[WhiteElo "2098"]
[BlackElo "2022"]
[PlyCount "107"]
[EventDate "2015.07.04"]
[EventRounds "13"]
[EventCountry "SRI"]

1. Nf3 Nf6 2. g3 g6 3. Bg2 Bg7 4. O-O d6 5. d3 O-O 6. e4 c5 7. h3 Nc6 8. Ne1
Ne8 9. c3 Rb8 10. Be3 b5 11. d4 cxd4 12. cxd4 b4 13. Nc2 a5 14. Nd2 Ba6 15. Re1
Nc7 16. f4 d5 17. e5 a4 18. Nf3 Qd7 19. Qd2 Rb7 20. Rec1 Rfb8 21. Nce1 Na5 22.
Nd3 Bxd3 23. Qxd3 Nc4 24. b3 Nxe3 25. Qxe3 a3 26. Bf1 Nb5 27. Bxb5 Rxb5 28. Kg2
R5b7 29. g4 h5 30. Kg3 Rc8 31. Rxc8+ Qxc8 32. Rc1 Rc7 33. Rxc7 Qxc7 34. Qd2 Qb6
35. Qc2 hxg4 36. hxg4 Bf8 37. f5 Kg7 38. Kf2 gxf5 39. gxf5 Qh6 40. Qd1 Qf4 41.
Qg1+ Kh7 42. Qg5 Qe4 43. Qh5+ Kg8 44. Kg3 e6 45. Qg5+ Kh7 46. Qf6 Qxf5 47.
Qxf5+ exf5 48. Kf4 Bg7 49. Kxf5 Kg8 50. Ne1 Kf8 51. Nd3 Bh6 52. Nxb4 Be3 53.
Nc2 Bf2 54. e6 1-0

[Event "National Chess Championship 2015"]
[Site "SLIIT,Malambe"]
[Date "2015.07.12"]
[Round "12"]
[Board "2"]
[White "Edirisinghe, Dulan"]
[Black "Herath, H M A K"]
[Result "1-0"]
[WhiteElo "2051"]
[BlackElo "2014"]
[PlyCount "109"]
[EventDate "2015.07.04"]
[EventRounds "13"]
[EventCountry "SRI"]

1. Nf3 d5 2. g3 c5 3. Bg2 Nc6 4. d4 e6 5. O-O Nf6 6. c4 Be7 7. cxd5 exd5 8. Nc3
O-O 9. h3 Be6 10. Be3 cxd4 11. Nxd4 Qd7 12. Kh2 Ne5 13. Bf4 Nc4 14. b3 Nd6 15.
Rc1 Rac8 16. Qd3 Nde4 17. Nxe6 Qxe6 18. Nb5 Rfd8 19. Nd4 Qd7 20. f3 Nc5 21. Qd2
Ne6 22. Be3 Ba3 23. Rxc8 Rxc8 24. h4 a6 25. Bh3 Qe7 26. Rb1 Bb4 27. Qd1 Rc7 28.
Nf5 Qd8 29. Bb6 Qe8 30. Bxc7 Nxc7 31. Rc1 Ne6 32. Rc2 g6 33. Nd4 Bd6 34. Nxe6
fxe6 35. Qd4 Kg7 36. Qc3 Kf7 37. Qc8 Qxc8 38. Rxc8 Nh5 39. f4 Nf6 40. Kg2 Ke7
41. Kf3 Ne4 42. Rh8 Nf6 43. g4 h5 44. g5 Nd7 45. Rh7+ Ke8 46. Bxe6 Nf8 47. Bf7+
Kd8 48. Rh8 Ke7 49. Bxd5 b6 50. Rg8 Bc5 51. e4 Bd4 52. e5 Bc5 53. Rg7+ Ke8 54.
Bf7+ Kd8 55. Bxg6 1-0

[Event "National Chess Championship 2015"]
[Site "SLIIT,Malambe"]
[Date "2015.07.12"]
[Round "12"]
[Board "3"]
[White "Thilakarathne, G M H"]
[Black "Priyankara, Chamil"]
[Result "0-1"]
[WhiteElo "1972"]
[BlackElo "2018"]
[PlyCount "62"]
[EventDate "2015.07.04"]
[EventRounds "13"]
[EventCountry "SRI"]

1. e4 c5 2. Nf3 e6 3. d4 cxd4 4. Nxd4 a6 5. Bd3 Nf6 6. O-O Qc7 7. Qe2 d6 8. Nc3
Be7 9. Be3 b5 10. a3 Bb7 11. f4 Nbd7 12. Kh1 Nc5 13. Bg1 Nxd3 14. cxd3 O-O 15.
Rf3 Rfe8 16. Raf1 Bf8 17. Rh3 g6 18. Nc2 Bg7 19. Ne3 Rab8 20. Ncd1 b4 21. axb4
Bc6 22. Nc4 d5 23. exd5 Nxd5 24. Qg4 Nxb4 25. Nc3 Ba8 26. Ne5 Nc6 27. Qh4 h5
28. Re3 Nxe5 29. fxe5 Rxb2 30. Bf2 Bxe5 31. Rxe5 Qb7 {poo recording} 0-1

[Event "National Chess Championship 2015"]
[Site "SLIIT,Malambe"]
[Date "2015.07.12"]
[Round "12"]
[Board "4"]
[White "Weerawardane, Romesh"]
[Black "Subasinghe, K R V R"]
[Result "1-0"]
[WhiteElo "2110"]
[BlackElo "1874"]
[PlyCount "109"]
[EventDate "2015.07.04"]
[EventRounds "13"]
[EventCountry "SRI"]

1. Nf3 d5 2. d4 e6 3. c4 c5 4. cxd5 exd5 5. Nc3 cxd4 6. Nxd4 Nc6 7. g3 Bb4 8.
Bg2 Nf6 9. O-O Bxc3 10. bxc3 Nxd4 11. Qxd4 O-O 12. Bg5 Be6 13. Rab1 Qe7 14.
Bxf6 Qxf6 15. Qxf6 gxf6 16. Rxb7 Rfc8 17. Rb3 Rc7 18. Rd1 Rc5 19. Ra3 Rac8 20.
e3 R8c7 21. Kf1 Bg4 22. Rd4 Be6 23. Ke1 Rb7 24. Bf3 a5 25. Rb3 Rbc7 26. Kd2 Kg7
27. Bd1 Bd7 28. Bf3 Be6 29. Be2 Bd7 30. a4 Kf8 31. Bd3 Kg7 32. Ba6 Be8 33. Bb5
Rc8 34. Bd3 R8c7 35. g4 Bd7 36. h3 Kh6 37. f4 Kg7 38. Be2 f5 39. g5 Be6 40. h4
Rc8 41. Bf3 R8c7 42. Bd1 Bd7 43. h5 h6 44. gxh6+ Kxh6 45. Rb6+ Be6 46. Rd3 Kh7
47. Bb3 Rc8 48. Ra6 Kh6 49. Bxd5 Kxh5 50. Bxe6 fxe6 51. Rxe6 Kg4 52. Ke2 Rh8
53. Rg6+ Kh3 54. Rd1 Kh2 55. Kf2 1-0

[Event "National Chess Championship 2015"]
[Site "SLIIT,Malambe"]
[Date "2015.07.12"]
[Round "12"]
[Board "5"]
[White "Doluweera, Minul Sanjula"]
[Black "Alahakoon, Isuru"]
[Result "1/2-1/2"]
[WhiteElo "2042"]
[BlackElo "2054"]
[PlyCount "65"]
[EventDate "2015.07.04"]
[EventRounds "13"]
[EventCountry "SRI"]

1. d4 Nf6 2. c4 g6 3. Nc3 Bg7 4. e4 d6 5. f4 O-O 6. Nf3 c5 7. dxc5 dxc5 8. Bd3
Bg4 9. e5 Nfd7 10. Be4 Qc8 11. h3 Be6 12. Nd5 Nc6 13. Ng5 Nb6 14. Nxe6 fxe6 15.
Nxb6 axb6 16. Be3 Bh6 17. Qc1 Nd4 18. g4 Qd7 19. h4 Qa4 20. g5 Bg7 21. Bxd4
cxd4 22. Rf1 Qa5+ 23. Ke2 Bxe5 24. b4 Qxb4 25. fxe5 Qc5 26. Rxf8+ Rxf8 27. Kd3
Qxe5 28. Qe1 Qd6 29. a4 Rf4 30. Qg3 e5 31. Qe1 Kg7 32. Bxb7 Qe6 33. Qh1 1/2-1/2

[Event "National Chess Championship 2015"]
[Site "SLIIT,Malambe"]
[Date "2015.07.12"]
[Round "12"]
[Board "6"]
[White "Kurukulasuriya, Prasanna"]
[Black "De Silva, Elath Mathanga"]
[Result "1/2-1/2"]
[WhiteElo "2084"]
[BlackElo "1985"]
[PlyCount "45"]
[EventDate "2015.07.04"]
[EventRounds "13"]
[EventCountry "SRI"]

1. e4 c5 2. Ne2 Nc6 3. Nbc3 g6 4. d4 cxd4 5. Nxd4 Bg7 6. Be3 Nf6 7. Bc4 Qa5 8.
O-O O-O 9. Bb3 d6 10. h3 Bd7 11. f4 Qh5 12. Nf3 b5 13. Qd3 b4 14. Ne2 Qa5 15.
g4 Qc7 16. Ng5 Na5 17. Rf2 Nxb3 18. cxb3 Qb7 19. Bd4 d5 20. Bxf6 Bxf6 21. Qxd5
Qxd5 22. exd5 Bxg5 23. fxg5 {poor recording} 1/2-1/2

[Event "National Chess Championship 2015"]
[Site "SLIIT,Malambe"]
[Date "2015.07.12"]
[Round "12"]
[Board "7"]
[White "Naotunna, Dineth Nimnaka"]
[Black "Piyumantha, M Sasith Nipun"]
[Result "1/2-1/2"]
[WhiteElo "1930"]
[BlackElo "1928"]
[PlyCount "69"]
[EventDate "2015.07.04"]
[EventRounds "13"]
[EventCountry "SRI"]

1. d4 Nf6 2. Nf3 e6 3. Bf4 b6 4. Nbd2 Bb7 5. e3 c5 6. c3 Be7 7. h3 O-O 8. Bd3
cxd4 9. exd4 d6 10. O-O Nbd7 11. Qb1 Re8 12. Re1 Qc7 13. Ne4 Nxe4 14. Bxe4 Bxe4
15. Qxe4 Nf6 16. Qd3 Rac8 17. Nd2 Qb7 18. Bh2 d5 19. a4 a6 20. Be5 Nd7 21. Nf3
Nxe5 22. dxe5 Rc7 23. h4 h6 24. Kh2 Rc4 25. g3 Rec8 26. Nd4 R4c7 27. f4 Bc5 28.
Nf3 b5 29. axb5 axb5 30. b4 Bb6 31. Ra3 Qc6 32. Nd4 Bxd4 33. Qxd4 Qc4 34. Qxc4
Rxc4 35. Re3 {poor recording} 1/2-1/2